『【ニシダベランダ閉め出し】 悪口当てるまで入れないゲーム』におけるニシダの解答 - Statistics

General Stats
  • This quiz has been taken 7 times
  • The average score is 11 of 24
Answer Stats
悪口 ニシダ % Correct
殺人犯より嫌な奴 殺人犯より嫌な奴
71%
外来種 外来種
71%
産まなきゃよかった 産まなきゃよかった
71%
産まなきゃよかった 産まなきゃよかった
71%
産んでみたものの 産んでみたものの
71%
産まなきゃよかった 産まなきゃよかった
71%
できちゃったもんだから できちゃったもんだから
71%
産んでみようかなと思って 産んでみようかなと思って
71%
産んでみたものの 産んでみたものの
71%
産まなきゃよかった 産まなきゃよかった
71%
不潔マンション トゥルーマン・ショー
57%
悪魔の子 悪マ〇コ
57%
ラランドの癌 ラランドの癌
57%
親の顔見せろ 親の顔見せろ
43%
邪魔者 山葡萄
29%
モブキャラ ロンバケ
29%
汚い いらない
29%
モブキャラ もみあげ
14%
懐かしいな 恥ずかしいわ
14%
シャバ禁止 シャバギンギ
14%
ドブ似 トッポギ
14%
扶養から外れろ 無料なのハバネロ
0%
外来種 ないないしま?
0%
モブキャラ 豚が
0%
No matching quizzes found
Score Distribution
Percent of People with Each Score
Percentile by Number Answered
Your Score History
You have not taken this quiz